[Event "Seville op 30th"]
[Site "Seville"]
[Date "2005.01.09"]
[Round "3"]
[White "Mirzoev, Azer"]
[Black "Szmetan, Ricardo"]
[Result "1-0"]
[WhiteElo "2513"]
[BlackElo "2283"]
[PlyCount "72"]
[EventDate "2005.01.07"]
[EventType "swiss"]
[EventRounds "9"]
[EventCountry "ESP"]
[SourceTitle "CBM 104 Extra"]
[Source "ChessBase"]
[SourceDate "2005.03.01"]
[SourceVersion "1"]
[SourceVersionDate "2005.03.01"]
[SourceQuality "1"]

1. d4 g6 2. e4 c6 3. Nc3 d5 4. h4 h5 5. Nh3 Bxh3 6. Rxh3 Bh6 7. Bxh6 Nxh6 8. Qd2 e6 9. 0-0-0 Nd7 10. exd5 exd5 11. Qf4 Qb8 12. Qg5 Qd8 13. Bd3 Qxg5+ 14. hxg5 Ng8 15. g4 Nf8 16. gxh5 Rxh5 17. Rxh5 gxh5 18. f4 Ne6 19. Ne2 Kf8 20. Rh1 c5 21. dxc5 Nxc5 22. Rxh5 Re8 23. Kd2 Ne4+ 24. Bxe4 Rxe4 25. Rh3 f6 26. Ra3 fxg5 27. fxg5 a6 28. Rb3 b5 29. Ra3 Re6 30. Nf4 Rd6 31. Rf3 Ke8 32. Kd3 Ne7 33. Kd4 Kd7 34. Nd3 Nc6+ 35. Kc5 Nd8 36. Ne5+ Ke8 1-0

[Event "Benidorm blitz 3rd"]
[Site "Benidorm"]
[Date "2004.11.28"]
[Round "3"]
[White "Szmetan, Ricardo"]
[Black "Fenollar Jorda, Manuel"]
[Result "1-0"]
[WhiteElo "2250"]
[BlackElo "2240"]
[PlyCount "37"]
[EventDate "2004.11.28"]
[EventType "swiss (blitz)"]
[EventRounds "9"]
[EventCountry "ESP"]
[SourceTitle "CBM 103 Extra"]
[Source "ChessBase"]
[SourceDate "2005.01.01"]
[SourceVersion "1"]
[SourceVersionDate "2005.01.01"]
[SourceQuality "1"]

1. d4 d5 2. Nf3 Nf6 3. c4 c6 4. cxd5 cxd5 5. Nc3 Nc6 6. Bf4 Bf5 7. e3 e6 8. Bb5 Nd7 9. Qa4 Rc8 10. 0-0 a6 11. Bxc6 Rxc6 12. Rfc1 b5 13. Qd1 Be7 14. h3 0-0 15. Nxd5 Rxc1 16. Nxe7+ Qxe7 17. Rxc1 Nf6 18. Rc6 Qb4 19. Bd6 1-0

[Event "Benidorm op U2300 03rd"]
[Site "Benidorm"]
[Date "2004.11.22"]
[Round "4"]
[White "Szmetan, Ricardo"]
[Black "Farfan Ortiz, Enrique Alfredo"]
[Result "1/2-1/2"]
[WhiteElo "2283"]
[BlackElo "2246"]
[PlyCount "57"]
[EventDate "2004.11.19"]
[EventType "swiss"]
[EventRounds "9"]
[EventCountry "ESP"]
[SourceTitle "CBM 103 Extra"]
[Source "ChessBase"]
[SourceDate "2005.01.01"]
[SourceVersion "1"]
[SourceVersionDate "2005.01.01"]
[SourceQuality "1"]

1. d4 d5 2. Nf3 Nf6 3. c4 c6 4. cxd5 cxd5 5. Nc3 Nc6 6. Bf4 a6 7. Rc1 e6 8. e3 Be7 9. Bd3 Bd7 10. h3 b5 11. 0-0 Qb6 12. Ne5 Rc8 13. Nxd7 Nxd7 14. e4 dxe4 15. Bxe4 Nxd4 16. Be3 Bf6 17. a4 0-0 18. axb5 axb5 19. Qd3 Nc5 20. Bxh7+ Kh8 21. Qd1 Kxh7 22. Bxd4 Bxd4 23. Qxd4 Rfd8 24. Qe3 Rd3 25. Qe2 Rcd8 26. Rcd1 Rxd1 27. Rxd1 Rxd1+ 28. Qxd1 b4 29. Na4 1/2-1/2